numéro joueurs PSG - Statistiques

Statistiques générales
  • Ce quiz a été pris 47 fois
  • Le résultat moyen est 14 sur 19
Statistiques - réponses
Numéro Joueurs % Correct
2 Hakimi
93%
51 Pacho
93%
14 Doué
90%
29 Barcola
88%
5 Marquinhos
88%
87 Neves
88%
39 Safonov
88%
17 Vitinha
85%
8 Ruiz
80%
33 Zaïre-Emery
75%
30 Chevalier
70%
21 Hernandez
70%
24 Mayulu
70%
25 Nuno Mendes
63%
10 Dembele
60%
27 Dro
45%
7 Kvaratskhelia
40%
27 Mbaye
40%
6 Zabarnyi
40%
Aucun quiz correspondant
Distribution des résultats
% des personnes avec chaque résultat
Percentile par nombre de réponses
Votre historique - résultats
Vous n’avez pas pris ce quiz